|
|
|
|
| LEADER |
01271nam a2200325 a 4500 |
| 001 |
mzk03001038736 |
| 003 |
CZ BrMZK |
| 005 |
20060913095822.0 |
| 007 |
ta |
| 008 |
060913s1736 xx fr|||||00| ||gerod |
| 040 |
|
|
|a BOA001
|b cze
|
| 072 |
|
7 |
|a 094
|x Staré tisky
|2 Konspekt
|9 12
|
| 080 |
|
|
|a (0.068)094
|2 MRF
|
| 100 |
0 |
|
|a Karel
|b VI.,
|c římskoněmecký císař,
|d 1685-1740
|7 js20011212085
|4 aut
|
| 245 |
1 |
0 |
|a Vormundschaffts-Ordnung Für den Herrn-und Ritter-Stand Jn dem Königreich Böheimb
|
| 260 |
|
|
|a [S.l. :
|b s.n.]
|c 1736
|
| 300 |
|
|
|a [1], A6-B5 [=11], [4] listů, [2] příl. ;
|c 2°
|
| 500 |
|
|
|a Vlastnoruční podpis Karla VI. a úředníků kanceláře
|
| 500 |
|
|
|a Výzdoba: Vlys (císařský orel), pečeť pod papírovým krytem
|
| 501 |
|
|
|a Přívazek k: Ržad Poručnický Pro Staw Panský A Rytjřský W Králowstwj Cžeském / Karel VI.
|
| 655 |
|
7 |
|a staré tisky
|7 fd422076
|2 czenas
|
| 856 |
4 |
1 |
|u https://imageserver.mzk.cz/mzk03/001/038/736/001038736.titul.jp2
|y Titulní list
|
| 903 |
|
|
|a RP
|
| 910 |
|
|
|a BOA001
|b ST3-0050.174,přív.
|
| 978 |
|
|
|b S.n.
|a s.l.
|c 1736
|
| 985 |
|
|
|a 1701-1750
|
| 990 |
|
|
|a BK
|
| 993 |
|
|
|a Y
|
| 991 |
|
|
|k mzk
|
| 994 |
|
|
|a UP
|l MZK03
|b 001038735
|m přívazek
|n záznam 1. díla (pro objednání pokračujte kliknutím)
|